Chaning party loyalty of state delegations to the U.S. house of representatives 1953-1976 (Record no. 15353)

000 -LEADER
fixed length control field 00418pab a2200145 454500
008 - FIXED-LENGTH DATA ELEMENTS--GENERAL INFORMATION
fixed length control field 180718b1983 xxu||||| |||| 00| 0 eng d
100 ## - MAIN ENTRY--PERSONAL NAME
Personal name Nice, David C.
245 ## - TITLE STATEMENT
Title Chaning party loyalty of state delegations to the U.S. house of representatives 1953-1976
260 ## - PUBLICATION, DISTRIBUTION, ETC.
Date of publication, distribution, etc. 1983
300 ## - PHYSICAL DESCRIPTION
Extent 312-25
362 ## - DATES OF PUBLICATION AND/OR SEQUENTIAL DESIGNATION
Dates of publication and/or sequential designation June
650 ## - SUBJECT ADDED ENTRY--TOPICAL TERM
Topical term or geographic name entry element Political Parties - U.S.A.
773 ## - HOST ITEM ENTRY
Main entry heading Western Political Quarterly
909 ## -
-- 15353
Holdings
Withdrawn status Lost status Damaged status Not for loan Permanent Location Current Location Date acquired Serial Enumeration / chronology Barcode Date last seen Price effective from Koha item type
        Indian Institute of Public Administration Indian Institute of Public Administration 2018-07-19 Volume no: 36, Issue no: 2 AR15409 2018-07-19 2018-07-19 Articles

Powered by Koha